Nuôi và kinh doanh thỏ : (con heo của người nghèo)

Wedi'i Gadw mewn:
Manylion Llyfryddiaeth
Prif Awdur: Việt Chương
Fformat: Llyfr
Iaith:Undetermined
Cyhoeddwyd: Thành phố Hồ Chí Minh Nhà xuất bản Thành phố Hồ Chí Minh 2004
Pynciau:
Tagiau: Ychwanegu Tag
Dim Tagiau, Byddwch y cyntaf i dagio'r cofnod hwn!
Thư viện lưu trữ: Trung tâm Học liệu Trường Đại học Cần Thơ
LEADER 00623nam a2200205Ia 4500
001 CTU_63998
008 210402s9999 xx 000 0 und d
020 |b 10000 
082 |a 636.93 
082 |b V308 
100 |a Việt Chương 
245 0 |a Nuôi và kinh doanh thỏ : 
245 0 |b (con heo của người nghèo) 
245 0 |c Việt Chương 
260 |a Thành phố Hồ Chí Minh 
260 |b Nhà xuất bản Thành phố Hồ Chí Minh 
260 |c 2004 
650 |a Rabbits 
904 |i Hạ Nguyên,Hải 
980 |a Trung tâm Học liệu Trường Đại học Cần Thơ